00490 2200193 4500001002100000005001500021008004100036020002200077035001900099041000700118082001200125090002000137100001900157245004700176260002600223300002100249500001000270650001600280INLIS00000000000181620241224112424241224||||||||| | ||| |||| || |  a978-602-8144-45-2 0010-1224001816 aid0 a370.114 a370.114 HER p/30 ahermawan aksan00aseri pendidikan karakter dan budaya bangsa bnuansa cendekiac2014 a122 hlm.;23,4 cm acet.1 0aIlmu Sosial